| 000 | 00295 a2200085 4500 | ||
|---|---|---|---|
| 100 | 1 |
_aWitort, Aleksander. _eAutor |
|
| 245 | 0 |
_aKierunki rozwojowe radiofonizacji : _breferat dyskusyjny / _cWitort Aleksander. |
|
| 710 | 2 |
_aInstytut Łączności. _eWydawca _4pbl |
|
| 260 |
_aWarszawa : _bIŁ, _c1953. |
||
| 300 |
_a35 s.; _c30 cm. |
||
| 999 |
_c14454 _d14454 |
||